[Event "RUS-chT Blitz Men 2018"]
[Site "Sochi"]
[Date "2018.10.10"]
[Round "10"]
[White "Kryakvin, Dmitry"]
[Black "Gutenev, Alexander"]
[Result "0-1"]
[WhiteElo "2595"]
[BlackElo "2456"]
[Annotator "TA"]
[PlyCount "90"]
[EventDate "2018.10.10"]
[EventType "swiss"]
[EventCountry "RUS"]
[SourceTitle "playchess.com"]
[Source "ChessBase"]
[SourceQuality "1"]

{[%evp 19,90,8,65,28,41,-15,-10,-9,-17,-51,16,-14,-28,-26,-7,-89,-89,-96,-91,-98,-93,-98,-95,-93,-101,-103,-101,-109,-111,-110,-116,-139,-138,-145,-140,-154,-143,-266,-272,-242,-159,-167,-165,-150,-154,-193,-193,-193,-193,-192,-146,-145,-137,-158,-38,-44,-43,-34,-8,-114,-20,-281,-270,-258,-261,-320,-302,-1051,-1025,-29966,-29965,-6075,-5106]} 1. c4 Nf6 2. Nc3 d5 3. cxd5 Nxd5 4. g3 g6 5. Bg2 Nxc3 6. bxc3 Bg7 7. Nf3 O-O 8. O-O c5 9. Rb1 Nc6 10. Qa4 Qd7 {LiveBook: 3 Games. A34: Symmetrical English: 2 Nc3, lines with ...d5} (10... Qa5 $11 11. Qxa5 Nxa5) (10... Qc7 11. d4 cxd4 12. cxd4 Bf5 13. Bf4 Qa5 14. Qxa5 Nxa5 15. Rbc1 Rac8 16. Ne5 {½-½ (16) Miroshnichenko,E (2651)-Areshchenko,A (2694) Kiev 2011}) 11. Qa3 $146 ({Predecessor:} 11. Ng5 Qc7 12. Ne4 Bf5 13. d3 Bxe4 14. Bxe4 Bxc3 15. Be3 Bd4 16. Bf4 Be5 17. Rxb7 Qxb7 18. Bxc6 {1-0 (35) Cvek,R (2537)-Konopka,M (2416) Czech Republic 2016}) 11... b6 {[#]} 12. d4 (12. Rxb6 $1 $14 {[%mdl 512]} axb6 13. Qxa8) 12... cxd4 $11 {The position is equal.} 13. cxd4 Bb7 14. Rd1 Rfd8 ({Black should try} 14... Nxd4 $15 15. Nxd4 Bxg2 16. Kxg2 e5) 15. Bg5 h6 16. Bf4 Qe6 17. d5 (17. Ne5 $11 Na5 18. Bxb7 Nxb7 19. Qf3 Bxe5 20. dxe5) 17... Rxd5 $17 18. Rxd5 Qxd5 19. Ne5 Qa5 20. Qxa5 Nxa5 21. Bxb7 Nxb7 22. Nc6 Kf8 23. Rd1 Ke8 $1 24. h4 Nd8 25. Nb4 Rc8 26. Nd5 Ne6 27. Be3 Rc2 28. a4 (28. Rd2 $17 {is a better defense.} Rxd2 29. Bxd2) 28... Ra2 $19 29. Rc1 Ra1 ({Don't do} 29... Rxe2 30. Rc8+ Kd7 31. Ra8 $17) 30. Rxa1 Bxa1 31. Bxh6 $17 {[%mdl 4096] Endgame KBN-KBN} Nc5 32. a5 bxa5 33. Be3 Ne4 34. Bxa7 e6 35. Ne3 a4 36. Nc4 Nc3 (36... Bc3 $17 {aiming for ...Bb4.} 37. Kg2 Nd2) 37. Kf1 $15 {next Bd4 is good for White.} Nb5 38. Bc5 Bc3 39. g4 (39. e4 $11) 39... Bg7 ({Black should play} 39... Bf6 $17 40. Ke1 Bxh4) 40. h5 $2 {[%mdl 8192] [#]} (40. Ke1 $1 $11 {and White is okay.}) 40... gxh5 $1 $19 41. gxh5 {[#]} Bf8 $1 {[%cal Rf8c5]} 42. Bxf8 Kxf8 43. Kg2 $2 (43. Nd2) 43... a3 {[%cal Ba4a3,Ba3a2][%mdl 32]} 44. Na5 Nd4 45. e3 a2 {Precision: White = 25%, Black = 51%.} 0-1

[Event "RUS-chT Blitz Men 2018"]
[Site "Sochi"]
[Date "2018.10.10"]
[Round "10"]
[White "Antipov, Mikhail Al."]
[Black "Lysyj, Igor"]
[Result "0-1"]
[WhiteElo "2593"]
[BlackElo "2631"]
[Annotator "TA"]
[PlyCount "56"]
[EventDate "2018.10.10"]
[EventType "swiss"]
[EventCountry "RUS"]
[SourceTitle "playchess.com"]
[Source "ChessBase"]
[SourceQuality "1"]

{[%evp 19,56,-25,-22,-17,-1,-15,-1,-1,-1,0,-1,-118,-121,-122,-120,-109,-110,-117,-114,-113,-102,-624,-604,-815,-794,-1258,-885,-1906,-845,-29974,-1484,-2027,-941,-1431,-841,-29997,-938,-911,-810]} 1. e4 e5 2. Nf3 Nc6 3. Bc4 Bc5 4. b4 Bxb4 5. c3 Ba5 6. d4 d6 7. Qb3 Qd7 8. O-O Bb6 {C52: Evans Gambit Accepted: 5 c3 Ba5} 9. Bb5 {[%cal Bc4b5,Bb5a4,Ba4c2][%mdl 32]} a6 10. Ba4 Ba7 $1 {LiveBook: 6 Games. White must now prevent ...b5.Black has an edge.} (10... exd4 $6 11. cxd4 Kf8 12. d5 $16) 11. Qb2 {With the idea d5.} ({Reject} 11. d5 b5 $17) (11. Na3 Nge7 12. d5 b5 13. Nxb5 axb5 14. Bxb5 O-O 15. dxc6 Qg4 16. Qc2 {0-1 (48) Li,C (2751)-Ding,L (2766) Huaian 2016}) 11... b5 12. Bc2 Nf6 $146 ({Predecessor:} 12... Rb8 13. Be3 Qd8 14. a4 b4 15. dxe5 Bxe3 16. fxe3 b3 17. Bxb3 Be6 18. Nbd2 Nxe5 19. Qa2 Nxf3+ 20. Rxf3 Qd7 21. Bxe6 Qxe6 22. Qxe6+ fxe6 23. e5 {½-½ (23) Vesely,E (2350)-Binas,J (2340) ICCF email 2015}) 13. a4 O-O 14. axb5 axb5 15. Qxb5 (15. Bg5 $11 {remains equal.}) 15... Nxd4 $17 16. Nxd4 exd4 17. Qd3 Bb7 $36 {[%mdl 2048] White is under strong pressure.} 18. Nd2 dxc3 19. Qxc3 Qc6 20. Qd3 $2 {[%mdl 8192] [#]} (20. Bb2 $17) 20... Bxf2+ $1 $19 {[%mdl 512]} 21. Kxf2 {Black should prevent Bb2.} (21. Rxf2 Rxa1) 21... Rxa1 22. Kg3 Re8 {aiming for ...Ba6.} 23. Kh3 Nxe4 24. Nf3 Nf6 (24... Bc8+ $142 25. g4 Ba6 26. Qd1 Bxf1+ 27. Qxf1 Qxc2 28. Qb5 Kf8 29. Bf4 Qd1 30. Bg3 Qxf3 31. Qf5 Qe2 32. Bf4 Ra2 33. Qxe4 Rxe4 34. Kh4 Rxf4 35. h3 Ra5 36. Kg3 Qf2#) 25. Nh4 Qe4 {[%csl Gf6][%cal Re4g4]} 26. Qd1 Qd5 27. Nf5 Qxd1 (27... Qxg2+ $142 28. Kh4 {[#]} g5+ $1 {[%mdl 512]} 29. Bxg5 Qxh2#) 28. Rxd1 Be4 {Precision: White = 32%, Black = 87%.} 0-1

[Event "RUS-chT Blitz Men 2018"]
[Site "Sochi"]
[Date "2018.10.10"]
[Round "10"]
[White "Timofeev, Artyom"]
[Black "Okun, Evgeny"]
[Result "1-0"]
[WhiteElo "2580"]
[BlackElo "2163"]
[Annotator "TA"]
[PlyCount "67"]
[EventDate "2018.10.10"]
[EventType "swiss"]
[EventCountry "RUS"]
[SourceTitle "playchess.com"]
[Source "ChessBase"]
[SourceQuality "1"]

{[%evp 9,67,0,21,12,20,8,19,8,4,0,16,0,35,22,41,47,46,39,43,23,116,66,54,29,48,41,100,31,122,121,296,298,300,241,248,227,235,232,238,164,356,356,379,363,437,386,384,366,619,481,845,614,706,554,504,355,575,584,581,560]} 1. c4 e5 2. Nc3 Nc6 3. Nf3 Bb4 4. d3 Nf6 5. Bd2 Bc5 (5... O-O 6. e3 Re8 7. Be2 d5 8. cxd5 Nxd5 9. O-O Nb6 10. a3 Bf8 11. b4 Bf5 12. Qc2 Qd7 13. Rfd1 Rad8 14. Ne4 Nd5 15. b5 {1-0 (38) Kramnik,V (2792)-Vachier Lagrave,M (2789) Paris 2018}) 6. e3 {A28: English Opening: Four Knights Variation} a6 $146 ({Predecessor:} 6... O-O 7. a3 d6 8. b4 Bb6 9. Rb1 Bg4 10. Be2 a6 11. h3 Bh5 12. Nh2 Bg6 13. Qb3 {0-1 (25) Deputy,L-Peters,R Bartlesville 2008}) 7. Nd5 Ba7 8. Bc3 {The position is equal.} d6 9. Nxf6+ Qxf6 10. Be2 Qe7 11. d4 e4 12. Nd2 $36 {[%mdl 2048] Black is under pressure.} f5 13. g3 Bd7 14. Qb3 O-O-O (14... O-O $11 {remains equal.}) 15. h4 g6 16. O-O-O Rhg8 17. Kb1 Bb6 ({Black should play} 17... Rdf8 $14) 18. a3 (18. c5 $16 dxc5 19. Nc4) 18... Na5 (18... Kb8 $14) 19. Qc2 {And now d5 would win.} Qe8 $2 {[#]} (19... Nc6 $16) 20. d5 $18 c5 21. Bf6 Bc7 22. b4 Ba4 23. Qb2 Bxd1 24. Rxd1 cxb4 $2 {[#]} (24... Rd7 {was worth a try.} 25. g4 (25. bxa5 Bxa5 26. Bg5 Bd8 $16) 25... h5) 25. axb4 Kb8 26. Bxd8 Qxd8 27. bxa5 Bxa5 28. Nb3 {[%cal Bd2b3,Bb3d4,Bd4e6,Be6c5][%mdl 32]} Bc7 $2 (28... Bb6 29. Kc2 Qc7) 29. Nd4 Qe8 (29... Ka8 $142 30. Kc2 Bb8) 30. Ne6 Qa4 31. Rc1 Ba5 32. Bd1 Qd7 $2 (32... Qb4 {might work better.} 33. Qxb4 Bxb4) 33. c5 dxc5 34. Nxc5 {Precision: White = 50%, Black = 21%.} 1-0

[Event "RUS-chT Blitz Men 2018"]
[Site "Sochi"]
[Date "2018.10.10"]
[Round "10"]
[White "Bocharov, Ivan"]
[Black "Alekseenko, Kirill"]
[Result "1-0"]
[WhiteElo "2563"]
[BlackElo "2639"]
[Annotator "TA"]
[PlyCount "59"]
[EventDate "2018.10.10"]
[EventType "swiss"]
[EventCountry "RUS"]
[SourceTitle "playchess.com"]
[Source "ChessBase"]
[SourceQuality "1"]

{[%evp 25,59,50,55,28,16,23,35,21,30,0,0,0,0,0,59,40,53,31,43,-39,511,506,931,935,942,947,948,947,926,914,901,852,852,840,770,737]} 1. e4 c5 2. Nf3 Nc6 3. d4 cxd4 4. Nxd4 Nf6 5. Nc3 d6 6. Bg5 e6 7. Qd2 a6 8. O-O-O Bd7 9. f4 b5 10. Bxf6 gxf6 11. Kb1 Qb6 12. Nf3 Be7 13. f5 Ne5 {[#] LiveBook: 4 Games. B69: Sicilian: Richter-Rauzer: 7...a6 8 0-0-0 Bd7 9 f4 Be7 10 Nf3 b5 11 Bxf6} 14. Nxe5 $146 ({Predecessor:} 14. Nd4 h5 15. Qe1 Qb7 16. Qh4 Rc8 17. h3 b4 18. Nce2 Nc4 19. fxe6 fxe6 20. Nf4 e5 21. Ng6 {½-½ (29) Alekseev,E (2636)-Yuffa,D (2534) St Petersburg 2016}) 14... fxe5 15. Qh6 b4 {White has an edge.} 16. fxe6 fxe6 17. Qh5+ Kd8 18. Ne2 a5 19. Nc1 a4 (19... Rc8 $11) 20. Bc4 $1 $14 a3 21. Rhf1 axb2 22. Kxb2 (22. Nd3 $14) 22... Bb5 $2 {[%mdl 8192] [#]} (22... Qe3 $15 {stays ahead.} 23. Bd3 Ra3) 23. Qxe5 $1 $18 {White is clearly winning.} Bxc4 (23... Kc7 $142 24. Qxb5 Qxb5 25. Bxb5 Rhf8) 24. Qxh8+ Kd7 25. Qxa8 Bxf1 26. Rxf1 Qd4+ 27. Kb1 Bf6 28. Qb7+ Kd8 {[#]} 29. Rxf6 $1 Qxf6 30. Qxb4 {Precision: White = 45%, Black = 33%.} 1-0

[Event "RUS-chT Blitz Men 2018"]
[Site "Sochi"]
[Date "2018.10.10"]
[Round "10"]
[White "Shcherbakov, Ruslan"]
[Black "Yuffa, Daniil"]
[Result "0-1"]
[WhiteElo "2516"]
[BlackElo "2563"]
[Annotator "TA"]
[PlyCount "90"]
[EventDate "2018.10.10"]
[EventType "swiss"]
[EventCountry "RUS"]
[SourceTitle "playchess.com"]
[Source "ChessBase"]
[SourceQuality "1"]

{[%evp 22,90,21,19,16,14,15,0,11,-26,-29,-27,-15,-34,-45,-31,-39,-56,-31,-55,-55,-52,-52,-58,-54,-58,-64,-69,-64,-80,-59,-55,0,-104,-23,-32,0,-36,0,-107,-107,-106,-107,-115,-33,-34,-26,-14,-16,-136,-95,-365,-295,-294,-293,-285,-267,-274,-269,-555,-559,-545,-543,-1057,-352,-310,-60,-29988,-29986,-29965,-6165]} 1. e4 {[%cal Be2e4,Be4e5][%mdl 32]} Nf6 2. e5 Nd5 3. d4 d6 4. c4 Nb6 5. exd6 cxd6 6. Nc3 g6 7. Be3 Bg7 8. Rc1 O-O 9. b3 {[%cal Bb2b3,Bb3b4][%mdl 32]} Bf5 10. Nf3 {B03: Aljechin-Verteidigung (Vierbauernvariante)} d5 11. c5 Nc8 {[%cal Bb6c8,Bc8e7,Be7f5,Bf5e3][%mdl 32]} 12. b4 {LiveBook: 8 Partien. Die Stellung ist ausgeglichen.} Bg4 13. Be2 e6 14. O-O {[#]} Ne7 $146 ({Vorgänger:} 14... Bxf3 15. Bxf3 a6 16. a4 Nc6 17. b5 Na5 {0-1 (35) Andrews,T (2304)-Nakamura,H (2648) Las Vegas 2007}) 15. h3 Bxf3 $1 16. Bxf3 Nf5 17. Bg4 Nxe3 18. fxe3 Qg5 19. Qd3 a6 20. Rcd1 Nc6 21. a3 Rad8 22. Bf3 e5 23. Nxd5 exd4 24. e4 Ne5 25. Qd2 Qg3 26. Qf2 Qg5 ({Lieber} 26... Qxf2+ $15 27. Rxf2 d3) 27. h4 (27. Qd2 $11 Qxd2 28. Rxd2) 27... Qh6 ({Besser ist} 27... Nxf3+ $17 28. Qxf3 Qxh4) 28. g3 $11 Kh8 29. Kg2 f5 30. Qe2 (30. exf5 $1 $11 Rxf5 31. Nf4) 30... d3 $36 {[%mdl 2048] Weiss steht unter starkem Druck.} 31. Rxd3 Nxd3 32. Qxd3 fxe4 (32... Be5 $17 33. Rh1 fxe4 34. Bxe4 Qg7) 33. Qxe4 $15 Qd2+ 34. Rf2 Qc1 {Weiss sollte ...Tfe8 verhindern.} 35. h5 (35. Nf4 $11) 35... gxh5 $17 {Droht ...Tde8 und aus.} 36. a4 $2 {[%mdl 8192]} (36. Nf4 $17) 36... Rde8 37. Qc2 Qg5 38. Qd2 Qf5 {Und weiter mit ...Td8 wäre nett.} 39. Qc2 Qe5 40. Qd3 $2 {[#]} (40. Qe2 {ist eine bessere Verteidigung.}) 40... h4 $1 $19 41. gxh4 Rg8 {( -> ...Lf6+)} 42. Kh3 {[#]} Bf6 $2 (42... Qg3+ $1 {[%mdl 512]} 43. Kxg3 Be5+ 44. Kh3 Rg3+ 45. Kh2 Rxf3+ 46. Kg2 Rxd3) 43. Bg4 Bxh4 $2 (43... Rd8 $19 44. Rxf6 Rxd5) 44. Qc3 $2 {[%mdl 8192]} (44. Rf7 $15 Qe4 45. Qxe4 Rxe4 46. Rf4 Rxf4 47. Nxf4) 44... Qxc3+ 45. Nxc3 Bxf2 {Precision: Weiß = 34%, Schwarz = 56%.} 0-1

[Event "RUS-chT Blitz Men 2018"]
[Site "Sochi"]
[Date "2018.10.10"]
[Round "10"]
[White "Potapov, Pavel"]
[Black "Ozgibcev, Anatoly"]
[Result "1-0"]
[WhiteElo "2515"]
[BlackElo "2368"]
[Annotator "TA"]
[PlyCount "89"]
[EventDate "2018.10.10"]
[EventType "swiss"]
[EventCountry "RUS"]
[SourceTitle "playchess.com"]
[Source "ChessBase"]
[SourceQuality "1"]

{[%evp 16,89,39,35,48,37,49,45,65,58,50,10,75,0,0,0,42,17,112,51,95,16,106,7,22,7,141,104,174,159,196,150,143,134,156,107,126,109,114,108,117,87,88,87,93,86,102,89,95,79,60,55,108,108,96,112,121,111,121,118,120,115,113,39,75,69,94,48,130,121,370,337,1018,999,2574,2434]} 1. e4 e5 2. Nf3 Nc6 3. Bb5 Nge7 4. O-O g6 5. c3 Bg7 6. d4 exd4 7. cxd4 d5 8. e5 O-O 9. h3 f6 {C60: Ruy Lopez: Unusual Black 3rd moves and 3...g6} (9... a6 10. Bxc6 Nxc6 11. Nc3 f6 12. exf6 Bxf6 13. Re1 Bg7 14. Bg5 Qd7 15. Bh4 Qf7 16. Qb3 h6 17. Nxd5 {0-1 (42) Bok,B (2463)-Brkic,A (2592) Aix les Bains 2011}) 10. exf6 Bxf6 11. Nc3 Nf5 {[%cal Rc6d4] White is slightly better.} 12. Bxc6 bxc6 13. Na4 Qe7 $146 (13... Re8 $1 $11) ({Predecessor:} 13... Nh4 14. Nxh4 Bxh4 15. Nc5 Be7 16. Re1 Bh4 17. Be3 Rf7 18. Qd2 Be7 19. Bf4 Bd6 20. Be5 Bf5 21. Re2 {½-½ (21) Leskovar,V (1894)-Salamon,V (1750) Vinkovci 2016}) 14. a3 ({White should play} 14. Re1 $16 Qf7 15. b3) 14... Qg7 $36 {[%cal Rf5d4][%mdl 2048] White is under pressure.} 15. Be3 Re8 16. Qd2 Nd6 (16... Nxe3 $11 17. fxe3 Rb8) 17. Nc5 (17. Bh6 $16 Qf7 18. Nc5) 17... Bf5 18. Rac1 (18. Bh6 $16 Qf7 19. Rae1) 18... Rab8 (18... Nc4 $11 19. Qc3 Rab8) 19. b4 (19. b3 $16) 19... Nc4 20. Qc3 Qe7 (20... g5 $1 $11 {remains equal.}) 21. Rfe1 Qd6 (21... a5 $16) 22. Bg5 Bg7 23. Nd2 Nb6 24. a4 Nd7 25. Ndb3 Nxc5 26. Nxc5 h6 27. Bd2 g5 28. Na6 Rbc8 29. Rxe8+ Rxe8 30. Be3 Bd7 31. Nc5 {[%cal Ba6c5,Bc5b3,Bb3a5][%mdl 32]} Bc8 32. Nb3 Bd7 33. Na5 {[%cal Ra5c6]} Re6 (33... Rb8 $14) 34. Nb7 $16 Qe7 35. Nc5 Rd6 36. Nxd7 Qxd7 37. Qc5 a6 38. Qa7 Qc8 {[#]} 39. Rc5 (39. b5 $1 $16 {[%mdl 512]}) 39... g4 40. hxg4 Qxg4 41. Qa8+ ({Reject} 41. Qxc7 $6 Qd1+ 42. Kh2 Qh5+ 43. Kg1 Qd1+ 44. Kh2 Qh5+ 45. Kg1 Qd1+ $11) 41... Kh7 (41... Bf8 $14) 42. Qxa6 Qd1+ $2 (42... Rg6 $16 {was necessary.} 43. g3 Bxd4 44. Rxc6 Rxc6 45. Qxc6 Qd1+ 46. Kg2 Bxe3) 43. Qf1 $18 Qxa4 $2 {[#]} (43... Qb3 44. a5 Qxb4) 44. Qb1+ $1 Kg8 45. Ra5 {Precision: White = 34%, Black = 26%.} 1-0

[Event "RUS-chT Blitz Men 2018"]
[Site "Sochi"]
[Date "2018.10.10"]
[Round "10"]
[White "Demidov, Mikhail"]
[Black "Nechaev, Oleg"]
[Result "1/2-1/2"]
[WhiteElo "2514"]
[BlackElo "2400"]
[Annotator "TA"]
[PlyCount "123"]
[EventDate "2018.10.10"]
[EventType "swiss"]
[EventCountry "RUS"]
[SourceTitle "playchess.com"]
[Source "ChessBase"]
[SourceQuality "1"]

{[%evp 17,123,2,10,-16,0,6,28,35,39,46,72,60,50,0,47,-10,8,-22,-22,-20,-14,-45,-36,-37,-39,-27,-29,-70,-47,-58,-63,-80,-48,-81,-70,-74,-50,-65,-36,-43,-41,-54,-8,-8,-8,-47,0,0,0,-283,-233,-322,-303,-369,-343,-331,-8,-8,-8,-220,-14,-14,-14,-20,-14,-9,8,8,8,-8,-8,-7,0,0,830,0,0,-1783,-1796,-824,-8,-8,-8,-8,-8,-8,-8,-8,-8,-8,-8,-8,-8,-8,-8,-8,-8,-8,-8,-8,-8,-8,-8,-8,-8,-8,-8,-8]} 1. Nf3 c5 2. g3 g6 3. Bg2 Bg7 4. O-O Nc6 5. e4 e5 6. d3 Nge7 7. Nc3 O-O 8. Nh4 d6 9. f4 Nd4 {LiveBook: 6 Games. B25: Closed Sicilian: 3 g3, lines without early Be3} (9... exf4 10. Bxf4 h6 11. Be3 Be6 12. Qd2 Kh7 13. Rae1 Qd7 14. Kh1 Rae8 15. Nd5 Bxd5 16. exd5 Ne5 17. b3 Ng8 18. d4 cxd4 19. Bxd4 {0-1 (76) Demidov,M (2514)-Timofeev,A (2588) Kazan 2018}) 10. Kh1 Be6 11. Nd5 Bxd5 $146 ({Predecessor:} 11... Nxd5 12. exd5 Bd7 13. c3 Nf5 14. Nxf5 Bxf5 15. fxe5 Bxe5 16. Bh6 Bg7 17. Bxg7 Kxg7 {0-1 (60) Szilardfy,G (2160)-Fischer,D (2000) Budapest 2001}) 12. exd5 exf4 13. Bxf4 Nef5 14. Nxf5 Nxf5 15. c3 Re8 16. Re1 (16. Qd2 $14) 16... Qb6 17. Qb3 Bh6 18. Bxh6 Nxh6 19. Bh3 Qxb3 20. axb3 Rxe1+ 21. Rxe1 $15 {[%mdl 4096] Endgame KRB-KRN} Kf8 22. Kg2 Re8 23. Rxe8+ Kxe8 {KB-KN} 24. Kf3 Ke7 25. Ke3 f5 26. d4 b6 27. Kd3 Kd8 28. Kc4 Kc7 29. dxc5 bxc5 30. b4 cxb4 31. Kxb4 Kb6 32. Kc4 $1 Nf7 33. Bf1 $2 {[%mdl 8192]} (33. Bg2 $11 {and White is okay.}) 33... Ne5+ $19 34. Kd4 Nf3+ 35. Ke3 Nxh2 36. Be2 h5 $2 (36... Kc5 $19 37. c4 Ng4+ 38. Kd3 Ne5+ 39. Kc3 a5) 37. Kf4 $1 $11 {[%cal Rf4g5] White wants to play Kg5.} Ng4 38. b4 $2 (38. Kg5 $1 $11) 38... Nf6 $2 (38... Nf2 $1 $19 {Hoping for ...Ne4.} 39. c4 Nh3+ 40. Ke3 a5 41. bxa5+ Kxa5) 39. c4 $1 Ne4 {White must now prevent ...g5+.} 40. Bd3 Nf2 41. Bf1 Nd1 42. Kg5 Nc3 43. Kf6 Ne4+ 44. Ke7 g5 ({But not} 44... Nxg3 $2 45. c5+ $1 {[%mdl 512]} dxc5 46. d6 $18) 45. Bd3 h4 $2 {[%mdl 8192] [#]} ({Not} 45... Nxg3 $2 46. c5+ $1 {[%mdl 512]} dxc5 47. d6 $18) (45... a5 $11 46. bxa5+ Kxa5) 46. gxh4 $2 (46. g4 $1 $18 {[%mdl 512]}) 46... gxh4 {...h3 is the strong threat.} 47. c5+ $2 {[%mdl 8192] [#]} (47. Bxe4 $11 fxe4 48. c5+ $1 {[%mdl 512]} Kb5 49. cxd6) 47... Nxc5 $1 $19 {[%mdl 512]} 48. Bxf5 (48. bxc5+ Kxc5) 48... Nb7 $2 (48... Kb5 $19 49. bxc5 Kxc5) 49. Bd7 $1 $11 {The position is equal.} a5 50. bxa5+ Kxa5 51. Bc8 Kb6 52. Kf6 Na5 53. Kg5 Kc5 54. Be6 Nc4 55. Kxh4 Nb6 56. Kg4 Nxd5 57. Kf3 Nc7 58. Bf7 Kd4 59. Ke2 Nb5 60. Kd2 Ke5 61. Bc4 Nd4 62. Ba2 $1 {Precision: White = 54%, Black = 48%.} 1/2-1/2

[Event "RUS-chT Blitz Men 2018"]
[Site "Sochi"]
[Date "2018.10.10"]
[Round "10"]
[White "Khanin, Semen"]
[Black "Usmanov, Vasily"]
[Result "1-0"]
[WhiteElo "2510"]
[BlackElo "2453"]
[Annotator "TA"]
[PlyCount "99"]
[EventDate "2018.10.10"]
[EventType "swiss"]
[EventCountry "RUS"]
[SourceTitle "playchess.com"]
[Source "ChessBase"]
[SourceQuality "1"]

{[%evp 20,99,13,11,21,37,88,86,75,79,84,84,108,108,108,108,99,99,105,95,99,102,120,100,111,95,93,97,114,113,118,49,175,168,184,0,169,0,455,449,615,619,612,612,583,596,654,646,806,797,798,812,754,747,897,902,1291,1084,1288,1181,1951,1697,2517,2179,29991,5060,5039,5035,4702,4233,3013,1980,5135,5131,29989,29987,29987,29988,29990,29991,29991,29992]} 1. e4 c5 2. Nf3 Nc6 3. d4 cxd4 4. Nxd4 Nf6 5. Nc3 e5 6. Ndb5 h6 7. a4 d6 8. Be2 Be7 9. O-O O-O 10. Be3 a6 11. Na3 Nb4 $146 {B33: Sicilian: Pelikan and Sveshnikov Variations} ({Predecessor:} 11... Qa5 12. Nc4 Qb4 13. Na2 Qxa4 14. Nc3 {1-0 (14) Riman,V-Kopta,J Czechia 2000}) 12. Nc4 d5 (12... Be6 $14) 13. Bb6 $1 $16 {[%cal Rb6d8]} ({Much weaker is} 13. Nxe5 $6 Qc7 $11) 13... Qd7 {White is better.} 14. exd5 Nfxd5 15. Nxd5 Qxd5 16. c3 Qxd1 17. Rfxd1 Nc6 18. Bf3 Be6 19. Bd5 Bxd5 20. Rxd5 f6 21. Rad1 Bd8 22. Bc5 Rf7 23. Rd7 Rxd7 24. Rxd7 b5 25. Nd6 (25. Ne3 $16) 25... bxa4 (25... Be7 $14) 26. Nf5 $18 Rb8 27. Rxg7+ Kh8 28. h4 $2 (28. Ba3 $18) 28... Rb5 $2 {[%mdl 8192] [#]} (28... Rxb2 $11 {and Black has nothing to worry.} 29. Rg4 e4 $1 {[%mdl 512]} 30. Nxh6 (30. Rxe4 Rb1+ 31. Kh2 Rb5 $17) 30... Kh7) 29. Bf8 $1 e4 30. Nd6 {[%cal Rd6f7]} Ne5 31. Nxb5 axb5 {[%mdl 4096] Endgame KRB-KBN} 32. Rb7 Kg8 33. Bxh6 Kh8 34. Rxb5 Kh7 35. Be3 Kg6 36. Rb4 Nd3 37. Rxa4 Kf5 38. b4 {[%cal Bb2b4,Bb4b5,Bb5b6][%mdl 32]} Bc7 39. Ra7 Be5 40. h5 Bxc3 41. h6 Kg6 42. h7 (42. Rg7+ $142 Kf5 43. h7 Bd4 44. Bxd4 e3 45. Bxe3 Ke4 46. h8=Q Nf4 47. Bxf4) 42... f5 43. b5 f4 {[#]} 44. Bd2 $1 Bd4 (44... Bxd2 45. h8=Q) 45. Rd7 Be5 46. b6 f3 47. gxf3 {White mates.} Nc5 48. Rd5 Nd3 49. Rxe5 Nxe5 50. h8=Q {Precision: White = 77%, Black = 38%.} 1-0

[Event "RUS-chT Blitz Men 2018"]
[Site "Sochi"]
[Date "2018.10.10"]
[Round "10"]
[White "Moiseenko, Vadim"]
[Black "Iljiushenok, Ilia"]
[Result "1-0"]
[WhiteElo "2492"]
[BlackElo "2539"]
[Annotator "ChessBase"]
[PlyCount "74"]
[EventDate "2018.10.10"]
[EventType "swiss"]
[EventCountry "RUS"]
[SourceTitle "playchess.com"]
[Source "ChessBase"]
[SourceQuality "1"]
[TimeControl "180+2"]

1. Nf3 {[%emt 0:00:00]} Nf6 {[%emt 0:00:00]} 2. b3 {[%emt 0:00:00]} d6 {[%emt 0:00:04]} 3. d4 {[%emt 0:00:02]} g6 {[%emt 0:00:03]} 4. Bb2 {[%emt 0:00:01]} Bg7 {[%emt 0:00:02]} 5. Nbd2 {[%emt 0:00:02]} O-O {[%emt 0:00:11]} 6. e4 {[%emt 0:00:01]} c5 {[%emt 0:00:13]} 7. dxc5 {[%emt 0:00:04]} dxc5 {[%emt 0:00:01]} 8. Bc4 {[%emt 0:00:13]} Nc6 {[%emt 0:00:05]} 9. O-O {[%emt 0:00:02]} Qc7 {[%emt 0:00:21]} 10. h3 {[%emt 0:00:12]} a6 {[%emt 0:00:35]} 11. Re1 {[%emt 0:00:07]} b5 {[%emt 0:00:01]} 12. Bf1 {[%emt 0:00:07]} Rd8 {[%emt 0:00:04]} 13. Qc1 {[%emt 0:00:01]} Nd4 {[%emt 0:00:11]} 14. a4 {[%emt 0:00:05]} Bb7 {[%emt 0:00:02]} 15. Nxd4 {[%emt 0:00:11]} cxd4 {[%emt 0:00:03]} 16. axb5 {[%emt 0:00:01]} axb5 {[%emt 0:00:07]} 17. Rxa8 {[%emt 0:00:01]} Bxa8 {[%emt 0:00:02]} 18. Bxb5 {[%emt 0:00:02]} Nd7 {[%emt 0:00:07]} 19. Ba3 {[%emt 0:00:22]} Ne5 {[%emt 0:00:15]} 20. Nc4 {[%emt 0:00:16]} d3 {[%emt 0:00:01]} 21. Rd1 {[%emt 0:00:24]} Bxe4 {[%emt 0:00:40]} 22. Nxe5 {[%emt 0:00:06]} Bxe5 {[%emt 0:00:22]} 23. Bxd3 {[%emt 0:00:03]} Bb7 {[%emt 0:00:02]} 24. Bf1 {[%emt 0:00:02]} Rc8 {[%emt 0:00:02]} 25. c4 {[%emt 0:00:05]} Bf4 {[%emt 0:00:08]} 26. Qc3 {[%emt 0:00:04]} Be5 {[%emt 0:00:01]} 27. Qe3 {[%emt 0:00:05]} e6 {[%emt 0:00:00]} 28. b4 {[%emt 0:00:17]} Bf4 {[%emt 0:00:01]} 29. Qd4 {[%emt 0:00:04]} Ra8 {[%emt 0:00:05]} 30. Bb2 {[%emt 0:00:01]} e5 {[%emt 0:00:00]} 31. Qd7 {[%emt 0:00:25]} Qb6 {[%emt 0:00:01]} 32. Bc3 {[%emt 0:00:12]} Bc6 {[%emt 0:00:04]} 33. Qd6 {[%emt 0:00:05]} Ra2 {[%emt 0:00:03]} 34. c5 {[%emt 0:00:01]} Qb7 {[%emt 0:00:04]} 35. Qf6 {[%emt 0:00:10]} Ra8 {[%emt 0:00:03]} 36. g3 {[%emt 0:00:01]} Bh6 {[%emt 0:00:04]} 37. Bxe5 {[%emt 0:00:02]} Kf8 {[%emt 0:00:06]} 1-0